Statistiques concernant Equipe E-sport League of Legends retro

Cliquez ici pour prendre le quiz!

Statistiques générales

  • Ce quiz a été pris 23 fois
  • Le résultat moyen est 5 sur 16

Statistiques - réponses

Réponse% Correct
Fnatic
100%
SKT T1
65%
Dignitas
61%
Immortals
39%
Origen
39%
Taipei Assassins
35%
Against All Authority
30%
Pain Gaming
30%
Echo Fox
22%
Elements
22%
Moscow Five
22%
Ahq
17%
Vici Gaming
17%
Star Horn Royal Club
13%
Team Curse
13%
Azubu Frost
9%

Distribution des résultats

Percentile par nombre de réponses

% des personnes avec chaque résultat

Votre développement - résultats

Vous n’avez pas pris ce quiz